|
|
|
|
| LEADER |
00000cam a2200000 i 4500 |
| 001 |
1/57049 |
| 008 |
951108s1993 gr | ||| |||| ||gre|| |
| 020 |
|
|
|a 9602355301
|
| 035 |
|
|
|a 1995
|c ΔΩΡΕΑ
|l 10045673
|
| 040 |
|
|
|a GR-MyUA
|b gre
|e AACR2
|
| 041 |
1 |
|
|a gre
|
| 082 |
0 |
|
|a 857.08
|
| 100 |
1 |
|
|a Eco, Umberto.
|
| 245 |
1 |
0 |
|a Δεύτερο ελάχιστο ημερολόγιο /
|c Eco Umberto ; μετάφραση Εφη Καλλιφατίδη.
|
| 250 |
|
|
|a 2η εκδ.
|
| 260 |
|
|
|a Αθήνα :
|b Γνώση,
|c 1993
|
| 300 |
|
|
|a 445 σ. ;
|c 21 εκ.
|
| 650 |
0 |
0 |
|a Italian literature.
|
| 650 |
0 |
0 |
|a Italian wit and humor.
|
| 700 |
1 |
|
|a Καλλιφατίδη, Έφη,
|e trlf
|
| 852 |
|
|
|a INST
|b RHODES
|e 19990219
|h 857.08 ECO
|p 005400015648
|q 005400015648
|t BK
|y 0
|
| 852 |
|
|
|a INST
|b SAMOS
|e 19951108
|h 857.08 ECO
|p 005300004547
|q 005300004547
|t BK
|y 0
|
| 901 |
|
|
|a BIBL-1999-1
|
| 909 |
|
|
|a Σ
|b 036025
|
| 909 |
|
|
|a Ρ
|b 056447
|
| 922 |
|
|
|a 4ΕΛΗ
|b 199805
|c ΚΠΣ/Ν
|d EMVASIS
|